| 000 | 01444nam a22003977a 4500 | ||
|---|---|---|---|
| 003 | CHAP | ||
| 005 | 20220817044540.0 | ||
| 008 | 120910s2012 it r 00010 eng d | ||
| 010 | _a103909 | ||
| 011 | _a104881 | ||
| 020 | _a9789251071397 | ||
| 035 | _a115571 | ||
| 040 | _cCHAP | ||
| 082 | 0 | 4 |
_a636.08 _bF21Dir. v.10 |
| 110 | 1 | _aFAO | |
| 245 | 1 | 0 |
_aDesigning and implementing livestock value chain studies : _ba practical aid for Highly Pathogenic and Emerging Disease (HPED) control _c/por Nick Taylor y Jan Hinrichs |
| 260 |
_aRoma : _bFAO, _c2012 |
||
| 300 |
_axxv,138 p. : _bgráfs., tablas |
||
| 490 | 0 |
_aFAO. Producción y sanidad animal. Directrices _v; 10 |
|
| 590 |
_aBATCH-UPD _b10 _c20130110 _lUCH01 _h0311 |
||
| 590 |
_aBATCH-UPD _b10 _c20130110 _lUCH01 _h0336 |
||
| 590 |
_aBATCH-UPD _b10 _c20130110 _lUCH01 _h0348 |
||
| 590 |
_aBATCH-UPD _b10 _c20130409 _lUCH01 _h2216 |
||
| 590 |
_aBATCH-UPD _b10 _c20130409 _lUCH01 _h2246 |
||
| 590 |
_aBATCH-UPD _b10 _c20130914 _lUCH01 _h1351 |
||
| 590 |
_aCONVERSION _b10 _c20130109 _lUCH01 _h1357 |
||
| 650 | 4 |
_aGanado _xEnfermedades. _944909 |
|
| 650 | 4 |
_aPolítica y gobierno. _990717 |
|
| 650 | 4 |
_aZoonosis. _9124194 |
|
| 700 | 1 |
_aHinrichs, Jan. _918 |
|
| 700 | 1 |
_aTaylor, Nick. _9111818 |
|
| 830 | 0 |
_aFAO. Producción y sanidad animal. Directrices _v; 10 _939658 |
|
| 901 | _aBK | ||
| 942 | _cLIBRO | ||
| 949 |
_a636.08 F21Dir. v.10 _bBC _cFAO _d33724002345652 _eFAO1 _gDonaciØn _h1 _i115571 _st |
||
| 999 |
_c103909 _d103909 |
||